00371nam a22000977a 4500040000700000082000800007100000700015245022400022260001800246300000900264 cSY a621 aNA aAn assessment of small medium enterprises(smes) development at the border twin cities of the gms: a case study of aranyprathet(thailand), mukdahan(thialan) ,ar sao(thialand), savannakhet(lao pdr) and tachileik (myanmar) aRUAbNAc2010 a34p.